[Event "Russian Rapid Championship (m)"]
[Site "Sochi"]
[Date "2022.10.16"]
[Round "9.20"]
[White "Goltsev, Dmitry"]
[Black "Zablotsky, Sergei"]
[Result "1-0"]
[BlackElo "2465"]
[WhiteElo "2145"]
[LiveChessVersion "1.4.8"]

1. e4 {[%clk 0:15:18]} d5 {[%clk 0:13:05]} 2. exd5 {[%clk 0:15:26]} Qxd5
{[%clk 0:13:13]} 3. Nf3 {[%clk 0:15:34]} Nc6 {[%clk 0:13:20]} 4. Nc3
{[%clk 0:15:42]} Qd6 {[%clk 0:13:29]} 5. h3 {[%clk 0:15:44]} Nf6 {[%clk 0:13:37]}
6. d4 {[%clk 0:15:52]} Bf5 {[%clk 0:13:45]} 7. Bc4 {[%clk 0:15:54]} e6
{[%clk 0:13:25]} 8. O-O {[%clk 0:14:00]} Be7 {[%clk 0:13:33]} 9. Nb5
{[%clk 0:13:53]} Qd7 {[%clk 0:13:35]} 10. Bf4 {[%clk 0:14:00]} Rc8
{[%clk 0:13:37]} 11. Ne5 {[%clk 0:12:55]} Nxe5 {[%clk 0:13:45]} 12. dxe5
{[%clk 0:12:51]} Nd5 {[%clk 0:13:53]} 13. Bg3 {[%clk 0:11:35]} a6
{[%clk 0:13:48]} 14. Nd4 {[%clk 0:11:42]} Bg6 {[%clk 0:13:53]} 15. c3
{[%clk 0:11:04]} O-O {[%clk 0:13:45]} 16. h4 {[%clk 0:10:33]} c5 {[%clk 0:13:23]}
17. Nc2 {[%clk 0:10:23]} b5 {[%clk 0:13:13]} 18. Be2 {[%clk 0:10:04]} Rfd8
{[%clk 0:13:03]} 19. h5 {[%clk 0:09:58]} Bf5 {[%clk 0:12:21]} 20. Bg4
{[%clk 0:09:55]} g6 {[%clk 0:11:38]} 21. Bxf5 {[%clk 0:09:29]} exf5
{[%clk 0:11:46]} 22. Qf3 {[%clk 0:08:24]} f4 {[%clk 0:11:48]} 23. Bxf4
{[%clk 0:08:10]} Qf5 {[%clk 0:11:55]} 24. Ne3 {[%clk 0:08:19]} Nxe3
{[%clk 0:10:50]} 25. Bxe3 {[%clk 0:08:06]} Qxf3 {[%clk 0:10:46]} 26. gxf3
{[%clk 0:08:14]} gxh5 {[%clk 0:10:54]} 27. Rfd1 {[%clk 0:07:04]} Kg7
{[%clk 0:09:09]} 28. Kh2 {[%clk 0:07:02]} Rc6 {[%clk 0:08:07]} 29. Rxd8
{[%clk 0:06:28]} Bxd8 {[%clk 0:08:16]} 30. Rd1 {[%clk 0:06:37]} Bc7
{[%clk 0:08:24]} 31. f4 {[%clk 0:06:39]} c4 {[%clk 0:07:33]} 32. Kh3
{[%clk 0:06:33]} Kf8 {[%clk 0:04:02]} 33. Kh4 {[%clk 0:05:53]} Ke8
{[%clk 0:03:56]} 34. Kxh5 {[%clk 0:05:46]} Rg6 {[%clk 0:04:05]} 35. f5
{[%clk 0:05:40]} Rg2 {[%clk 0:04:06]} 36. e6 {[%clk 0:05:25]} fxe6
{[%clk 0:03:27]} 37. fxe6 {[%clk 0:05:31]} Rg6 {[%clk 0:03:35]} 38. Rd7
{[%clk 0:05:37]} Be5 {[%clk 0:03:33]} 39. Rxh7 {[%clk 0:05:42]} Rxe6
{[%clk 0:03:39]} 40. Kg4 {[%clk 0:05:28]} Rc6 {[%clk 0:01:55]} 41. Kf5
{[%clk 0:05:25]} Bc7 {[%clk 0:01:39]} 42. Ke4 {[%clk 0:05:13]} Kd8
{[%clk 0:01:10]} 43. Rh6 {[%clk 0:05:14]} Rxh6 {[%clk 0:00:42]} 44. Bxh6
{[%clk 0:05:23]} Kd7 {[%clk 0:00:51]} 45. Kd5 {[%clk 0:05:30]} Bb6
{[%clk 0:00:59]} 46. Be3 {[%clk 0:05:38]} Bd8 {[%clk 0:01:04]} 47. f4
{[%clk 0:05:34]} Bh4 {[%clk 0:01:02]} 48. f5 {[%clk 0:05:40]} Be7
{[%clk 0:00:54]} 49. Bd4 {[%clk 0:05:28]} Bg5 {[%clk 0:00:44]} 50. f6
{[%clk 0:05:37]} Bh4 {[%clk 0:00:52]} 51. Ke4 1-0

[Event "Russian Rapid Championship (m)"]
[Site "Sochi"]
[Date "2022.10.16"]
[Round "10.1"]
[White "Artemiev, Vladislav"]
[Black "Zvjaginsev, Vadim"]
[Result "1/2-1/2"]
[BlackElo "2498"]
[WhiteElo "2710"]
[LiveChessVersion "1.4.8"]

1. Nf3 {[%clk 0:15:15]} c5 {[%clk 0:15:14]} 2. c4 {[%clk 0:15:18]} Nf6
{[%clk 0:14:38]} 3. Nc3 {[%clk 0:15:15]} e6 {[%clk 0:14:41]} 4. e3
{[%clk 0:14:57]} d5 {[%clk 0:14:30]} 5. d4 {[%clk 0:14:58]} dxc4 {[%clk 0:14:09]}
6. Bxc4 {[%clk 0:15:04]} a6 {[%clk 0:14:17]} 7. O-O {[%clk 0:15:10]} b5
{[%clk 0:14:21]} 8. Be2 {[%clk 0:15:18]} Nbd7 {[%clk 0:14:07]} 9. e4
{[%clk 0:13:49]} cxd4 {[%clk 0:14:04]} 10. Nxd4 {[%clk 0:13:54]} Bb7
{[%clk 0:13:57]} 11. f3 {[%clk 0:10:38]} Qb8 {[%clk 0:13:44]} 12. Nb3
{[%clk 0:05:44]} Bd6 {[%clk 0:13:27]} 13. g3 {[%clk 0:05:48]} Bxg3
{[%clk 0:13:00]} 14. hxg3 {[%clk 0:05:56]} Qxg3+ {[%clk 0:13:07]} 15. Kh1
{[%clk 0:06:04]} b4 {[%clk 0:11:33]} 16. Na4 {[%clk 0:04:59]} Qh3+ 1/2-1/2

[Event "Russian Rapid Championship (m)"]
[Site "Sochi"]
[Date "2022.10.16"]
[Round "10.2"]
[White "Shomoev, Anton"]
[Black "Sjugirov, Sanan"]
[Result "1-0"]
[BlackElo "2609"]
[WhiteElo "2553"]
[LiveChessVersion "1.4.8"]

1. e4 {[%clk 0:15:05]} e5 {[%clk 0:15:02]} 2. Nf3 {[%clk 0:15:14]} Nc6
{[%clk 0:15:09]} 3. Bb5 {[%clk 0:15:22]} a6 {[%clk 0:15:13]} 4. Ba4
{[%clk 0:15:31]} Nf6 {[%clk 0:15:13]} 5. O-O {[%clk 0:15:38]} Be7
{[%clk 0:15:03]} 6. Re1 {[%clk 0:15:46]} b5 {[%clk 0:15:09]} 7. Bb3
{[%clk 0:15:55]} O-O {[%clk 0:15:14]} 8. c3 {[%clk 0:15:55]} d5 {[%clk 0:13:37]}
9. exd5 {[%clk 0:16:04]} Nxd5 {[%clk 0:13:46]} 10. Nxe5 {[%clk 0:16:12]} Nxe5
{[%clk 0:13:55]} 11. Rxe5 {[%clk 0:16:21]} c6 {[%clk 0:14:03]} 12. Re1
{[%clk 0:16:29]} Bd6 {[%clk 0:13:54]} 13. d3 {[%clk 0:16:38]} Bf5
{[%clk 0:12:53]} 14. Qf3 {[%clk 0:15:41]} Qh4 {[%clk 0:11:34]} 15. g3
{[%clk 0:15:50]} Qh3 {[%clk 0:11:23]} 16. Be3 {[%clk 0:15:32]} Bxd3
{[%clk 0:10:01]} 17. Bd4 {[%clk 0:15:00]} Qf5 {[%clk 0:09:59]} 18. Nd2
{[%clk 0:15:02]} Rfe8 {[%clk 0:09:44]} 19. Kg2 {[%clk 0:15:02]} Kf8
{[%clk 0:08:50]} 20. a4 {[%clk 0:14:23]} h6 {[%clk 0:06:45]} 21. Qxf5
{[%clk 0:11:54]} Bxf5 {[%clk 0:06:53]} 22. Rxe8+ {[%clk 0:12:02]} Rxe8
{[%clk 0:07:00]} 23. axb5 {[%clk 0:12:11]} axb5 {[%clk 0:07:08]} 24. Ra6
{[%clk 0:11:13]} Ne7 {[%clk 0:07:04]} 25. Ba2 {[%clk 0:06:36]} Rd8
{[%clk 0:04:15]} 26. Nb3 {[%clk 0:05:47]} Be4+ {[%clk 0:02:20]} 27. f3
{[%clk 0:05:54]} Bd5 {[%clk 0:02:29]} 28. Nc5 {[%clk 0:05:57]} Bxc5
{[%clk 0:01:58]} 29. Bxc5 {[%clk 0:06:03]} Bxa2 {[%clk 0:02:07]} 30. Rxa2
{[%clk 0:06:12]} Ke8 {[%clk 0:02:15]} 31. Kf2 {[%clk 0:05:15]} Nd5
{[%clk 0:02:05]} 32. Ra7 {[%clk 0:05:07]} g6 {[%clk 0:01:48]} 33. g4
{[%clk 0:04:52]} Rd7 {[%clk 0:01:14]} 34. Ra8+ {[%clk 0:04:58]} Rd8
{[%clk 0:01:23]} 35. Rxd8+ {[%clk 0:05:03]} Kxd8 {[%clk 0:01:33]} 36. Bf8
{[%clk 0:05:10]} h5 {[%clk 0:01:32]} 37. gxh5 {[%clk 0:05:19]} gxh5
{[%clk 0:01:41]} 38. Kg3 {[%clk 0:05:24]} Ke8 {[%clk 0:01:04]} 39. Bh6
{[%clk 0:05:03]} f6 {[%clk 0:00:18]} 40. Kh4 {[%clk 0:05:02]} Kf7
{[%clk 0:00:22]} 41. Kxh5 {[%clk 0:05:10]} Nb6 {[%clk 0:00:19]} 42. b3
{[%clk 0:04:02]} Nd5 {[%clk 0:00:21]} 43. Bd2 {[%clk 0:04:09]} c5
{[%clk 0:00:28]} 44. h4 {[%clk 0:04:03]} Nb6 {[%clk 0:00:11]} 45. Kg4
{[%clk 0:04:03]} c4 {[%clk 0:00:20]} 46. b4 {[%clk 0:04:07]} Nc8 {[%clk 0:00:13]}
47. h5 {[%clk 0:03:57]} Ne7 {[%clk 0:00:22]} 48. Kf4 {[%clk 0:03:57]} Ke6
{[%clk 0:00:30]} 49. Ke4 {[%clk 0:03:57]} Nc6 {[%clk 0:00:15]} 50. h6
{[%clk 0:03:57]} f5+ {[%clk 0:00:23]} 51. Kf4 {[%clk 0:04:06]} Kd5 52. Ke4+ 1-0

[Event "Russian Rapid Championship (m)"]
[Site "Sochi"]
[Date "2022.10.16"]
[Round "10.3"]
[White "Tomashevsky, Evgeny"]
[Black "Savchenko, Boris"]
[Result "1/2-1/2"]
[BlackElo "2605"]
[WhiteElo "2631"]
[LiveChessVersion "1.4.8"]

1. c4 {[%clk 0:15:18]} e5 {[%clk 0:15:19]} 2. g3 {[%clk 0:15:26]} Nf6
{[%clk 0:15:27]} 3. Bg2 {[%clk 0:15:33]} d5 {[%clk 0:15:35]} 4. cxd5
{[%clk 0:15:39]} Nxd5 {[%clk 0:15:44]} 5. Nc3 {[%clk 0:15:48]} Nb6
{[%clk 0:15:52]} 6. Nf3 {[%clk 0:15:54]} Nc6 {[%clk 0:16:00]} 7. O-O
{[%clk 0:16:02]} Be7 {[%clk 0:16:09]} 8. b3 {[%clk 0:16:10]} O-O {[%clk 0:16:16]}
9. Bb2 {[%clk 0:16:17]} Re8 {[%clk 0:16:24]} 10. Rc1 {[%clk 0:15:29]} a5
{[%clk 0:16:01]} 11. Nb5 {[%clk 0:13:18]} Bf8 {[%clk 0:16:02]} 12. d4
{[%clk 0:12:46]} exd4 {[%clk 0:15:34]} 13. Nfxd4 {[%clk 0:12:54]} Nxd4
{[%clk 0:15:37]} 14. Qxd4 {[%clk 0:12:23]} c6 {[%clk 0:15:43]} 15. Rfd1
{[%clk 0:11:20]} Qxd4 {[%clk 0:14:49]} 16. Bxd4 {[%clk 0:11:28]} cxb5
{[%clk 0:14:55]} 17. Bxb6 {[%clk 0:11:37]} a4 {[%clk 0:13:26]} 18. Rc7
{[%clk 0:09:13]} Rxe2 {[%clk 0:09:44]} 19. bxa4 {[%clk 0:03:55]} bxa4
{[%clk 0:09:51]} 20. Bf1 {[%clk 0:04:04]} Rxa2 {[%clk 0:09:25]} 21. Bc4
{[%clk 0:03:59]} Be6 {[%clk 0:09:29]} 22. Bxa2 {[%clk 0:03:53]} Bxa2
{[%clk 0:09:37]} 23. Rxb7 {[%clk 0:03:45]} a3 {[%clk 0:09:13]} 24. Ra7
{[%clk 0:02:53]} Rxa7 {[%clk 0:07:36]} 25. Bxa7 {[%clk 0:03:02]} Bb3
{[%clk 0:07:41]} 26. Rd7 {[%clk 0:02:21]} Be6 {[%clk 0:07:12]} 27. Rd8
{[%clk 0:02:15]} a2 {[%clk 0:07:20]} 28. Bd4 {[%clk 0:02:23]} f6 {[%clk 0:07:25]}
29. Ra8 {[%clk 0:02:28]} Kf7 {[%clk 0:06:52]} 30. Ra7+ {[%clk 0:02:36]} Kg6
{[%clk 0:07:00]} 31. f3 {[%clk 0:02:45]} h5 {[%clk 0:06:50]} 32. Kg2
{[%clk 0:02:49]} Bd5 {[%clk 0:06:56]} 33. h3 {[%clk 0:02:51]} Kf5
{[%clk 0:06:34]} 34. g4+ {[%clk 0:01:22]} hxg4 {[%clk 0:06:41]} 35. hxg4+
{[%clk 0:01:31]} Ke6 {[%clk 0:06:49]} 36. Ra6+ {[%clk 0:01:31]} Bd6
{[%clk 0:06:47]} 37. Kf2 {[%clk 0:01:30]} Bc4 {[%clk 0:06:54]} 38. Ra5
{[%clk 0:01:31]} g5 {[%clk 0:06:45]} 39. Ke3 {[%clk 0:01:36]} Bf4+
{[%clk 0:05:45]} 40. Ke4 {[%clk 0:01:20]} Bb3 {[%clk 0:05:41]} 41. Ra6+
{[%clk 0:01:20]} Bd6 {[%clk 0:05:45]} 42. Kd3 {[%clk 0:00:58]} Bd5
{[%clk 0:05:45]} 43. Ke3 {[%clk 0:01:00]} Bc4 {[%clk 0:05:53]} 44. Ra4
{[%clk 0:01:07]} Bf4+ {[%clk 0:05:59]} 45. Kf2 {[%clk 0:01:06]} Be5
{[%clk 0:05:16]} 46. Ke3 {[%clk 0:01:07]} Bf4+ {[%clk 0:05:21]} 47. Kf2
{[%clk 0:01:16]} Be5 {[%clk 0:05:29]} 1/2-1/2

[Event "Russian Rapid Championship (m)"]
[Site "Sochi"]
[Date "2022.10.16"]
[Round "10.4"]
[White "Turov, Maxim"]
[Black "Timofeev, Artyom"]
[Result "1/2-1/2"]
[BlackElo "2560"]
[WhiteElo "2528"]
[LiveChessVersion "1.4.8"]

1. e4 {[%clk 0:15:19]} c5 {[%clk 0:15:17]} 2. Nc3 {[%clk 0:15:28]} Nc6
{[%clk 0:15:19]} 3. Bb5 {[%clk 0:15:36]} Nd4 {[%clk 0:15:25]} 4. Nf3
{[%clk 0:15:44]} Nxb5 {[%clk 0:14:28]} 5. Nxb5 {[%clk 0:15:52]} d6
{[%clk 0:14:27]} 6. d4 {[%clk 0:15:54]} a6 {[%clk 0:14:35]} 7. Nc3
{[%clk 0:16:01]} cxd4 {[%clk 0:14:43]} 8. Qxd4 {[%clk 0:16:07]} e5
{[%clk 0:14:36]} 9. Qd3 {[%clk 0:16:00]} Be7 {[%clk 0:14:43]} 10. O-O
{[%clk 0:15:27]} Be6 {[%clk 0:14:20]} 11. Nd5 {[%clk 0:13:05]} 1/2-1/2

[Event "Russian Rapid Championship (m)"]
[Site "Sochi"]
[Date "2022.10.16"]
[Round "10.5"]
[White "Tsydypov, Zhamsaran"]
[Black "Petrov, Nikita"]
[Result "1/2-1/2"]
[BlackElo "2496"]
[WhiteElo "2554"]
[LiveChessVersion "1.4.8"]

1. c4 {[%clk 0:15:16]} Nf6 {[%clk 0:15:11]} 2. Nc3 {[%clk 0:15:11]} e5
{[%clk 0:15:18]} 3. g3 {[%clk 0:15:13]} Bb4 {[%clk 0:15:26]} 4. Qc2
{[%clk 0:15:04]} O-O {[%clk 0:15:15]} 5. Bg2 {[%clk 0:15:11]} Re8
{[%clk 0:14:53]} 6. Nf3 {[%clk 0:15:01]} c6 {[%clk 0:14:29]} 7. O-O
{[%clk 0:14:27]} d5 {[%clk 0:14:00]} 8. cxd5 {[%clk 0:14:10]} cxd5
{[%clk 0:14:08]} 9. d4 {[%clk 0:14:19]} e4 {[%clk 0:14:06]} 10. Ne5
{[%clk 0:14:25]} Nc6 {[%clk 0:13:19]} 11. Rd1 {[%clk 0:13:40]} h6
{[%clk 0:12:10]} 12. Bf4 {[%clk 0:13:13]} Be6 {[%clk 0:06:58]} 13. f3
{[%clk 0:11:48]} exf3 {[%clk 0:07:00]} 14. exf3 {[%clk 0:10:21]} Rc8
{[%clk 0:06:57]} 15. Qb3 {[%clk 0:10:10]} Bxc3 {[%clk 0:06:04]} 16. bxc3
{[%clk 0:10:14]} Na5 {[%clk 0:06:13]} 17. Qb4 {[%clk 0:10:05]} Nd7
{[%clk 0:05:54]} 18. Bf1 {[%clk 0:09:41]} Nxe5 {[%clk 0:05:57]} 19. dxe5
{[%clk 0:09:39]} Qc7 {[%clk 0:05:41]} 20. Rac1 {[%clk 0:09:40]} Nc4
{[%clk 0:05:30]} 21. Bxc4 {[%clk 0:09:30]} Qxc4 {[%clk 0:05:38]} 22. Qxc4
{[%clk 0:09:14]} Rxc4 {[%clk 0:05:46]} 23. Be3 {[%clk 0:09:21]} Ra4
{[%clk 0:05:44]} 24. Rd2 {[%clk 0:09:28]} Rc8 {[%clk 0:05:49]} 25. Kf2
{[%clk 0:09:12]} Rc6 {[%clk 0:05:20]} 26. Bd4 {[%clk 0:08:48]} h5
{[%clk 0:05:00]} 27. Rcc2 {[%clk 0:08:48]} b5 {[%clk 0:04:37]} 28. Rb2
{[%clk 0:08:55]} a6 {[%clk 0:04:45]} 29. Ke3 {[%clk 0:08:39]} Rcc4
{[%clk 0:04:50]} 30. Rb3 {[%clk 0:08:33]} b4 {[%clk 0:03:57]} 31. cxb4
{[%clk 0:08:24]} Rcxb4 {[%clk 0:04:05]} 32. Rxb4 {[%clk 0:07:22]} 1/2-1/2

[Event "Russian Rapid Championship (m)"]
[Site "Sochi"]
[Date "2022.10.16"]
[Round "10.6"]
[White "Chigaev, Maksim"]
[Black "Kezin, Roman"]
[Result "1/2-1/2"]
[BlackElo "2471"]
[WhiteElo "2540"]
[LiveChessVersion "1.4.8"]

1. c4 {[%clk 0:15:17]} e6 {[%clk 0:15:18]} 2. g3 {[%clk 0:15:25]} d5
{[%clk 0:15:25]} 3. Bg2 {[%clk 0:15:34]} Nf6 {[%clk 0:15:31]} 4. Nf3
{[%clk 0:15:42]} d4 {[%clk 0:15:26]} 5. O-O {[%clk 0:15:43]} c5 {[%clk 0:15:34]}
6. e3 {[%clk 0:15:51]} Nc6 {[%clk 0:15:43]} 7. exd4 {[%clk 0:15:58]} cxd4
{[%clk 0:15:51]} 8. d3 {[%clk 0:16:07]} Bd6 {[%clk 0:14:40]} 9. Bg5
{[%clk 0:16:13]} h6 {[%clk 0:14:46]} 10. Bxf6 {[%clk 0:16:19]} Qxf6
{[%clk 0:14:54]} 11. Nbd2 {[%clk 0:16:27]} Qe7 {[%clk 0:14:51]} 12. a3
{[%clk 0:16:01]} a5 {[%clk 0:14:58]} 13. Rc1 {[%clk 0:15:35]} O-O
{[%clk 0:14:55]} 14. Re1 {[%clk 0:15:43]} Rd8 {[%clk 0:14:35]} 15. Ne4
{[%clk 0:15:23]} Bc7 {[%clk 0:12:19]} 16. c5 {[%clk 0:15:29]} Bd7
{[%clk 0:09:12]} 17. Nfd2 {[%clk 0:15:21]} Ne5 {[%clk 0:08:48]} 18. Nc4
{[%clk 0:12:22]} Nxc4 {[%clk 0:08:23]} 19. Rxc4 {[%clk 0:12:29]} Bb5
{[%clk 0:07:56]} 20. Rc1 {[%clk 0:12:37]} a4 {[%clk 0:08:04]} 21. Qe2
{[%clk 0:12:18]} Bc6 {[%clk 0:05:47]} 22. Rc4 {[%clk 0:11:20]} Ra5
{[%clk 0:05:04]} 23. Rec1 {[%clk 0:11:05]} e5 {[%clk 0:01:18]} 24. Nd2
{[%clk 0:06:52]} Qe6 {[%clk 0:00:16]} 25. Rb4 {[%clk 0:06:20]} Ra6
{[%clk 0:00:13]} 26. Rcc4 {[%clk 0:05:54]} Ba5 {[%clk 0:00:12]} 27. Bxc6
{[%clk 0:05:44]} Rxc6 {[%clk 0:00:11]} 28. Rxa4 {[%clk 0:05:13]} Bxd2
{[%clk 0:00:18]} 29. Qxd2 {[%clk 0:05:21]} Qd5 {[%clk 0:00:16]} 30. Qc2
{[%clk 0:03:55]} h5 {[%clk 0:00:24]} 31. Rab4 {[%clk 0:00:42]} h4
{[%clk 0:00:13]} 32. Qe2 {[%clk 0:00:51]} h3 {[%clk 0:00:11]} 33. Qe4
{[%clk 0:00:47]} Qxe4 {[%clk 0:00:15]} 34. dxe4 {[%clk 0:00:56]} d3
{[%clk 0:00:24]} 35. Rc1 {[%clk 0:01:05]} Rxc5 {[%clk 0:00:20]} 36. Rd1
{[%clk 0:01:15]} Rd7 {[%clk 0:00:12]} 37. Kf1 {[%clk 0:01:06]} Rc2
{[%clk 0:00:13]} 38. Rb3 {[%clk 0:01:13]} Rd4 {[%clk 0:00:14]} 39. Rbxd3
{[%clk 0:00:52]} Rxe4 {[%clk 0:00:20]} 40. R3d2 {[%clk 0:01:01]} Rec4
{[%clk 0:00:15]} 41. Ke2 {[%clk 0:01:05]} Rxd2+ {[%clk 0:00:12]} 42. Kxd2
{[%clk 0:00:51]} f6 {[%clk 0:00:13]} 43. Re1 {[%clk 0:01:00]} Kf7
{[%clk 0:00:18]} 44. Re3 {[%clk 0:01:08]} Ke6 {[%clk 0:00:13]} 45. Rb3
{[%clk 0:01:11]} Rd4+ {[%clk 0:00:16]} 46. Ke2 {[%clk 0:01:10]} Rd7
{[%clk 0:00:23]} 47. g4 {[%clk 0:01:12]} Rc7 {[%clk 0:00:32]} 48. Kf3
{[%clk 0:01:05]} Kd5 {[%clk 0:00:17]} 49. Kg3 {[%clk 0:01:09]} g6
{[%clk 0:00:12]} 50. Kxh3 {[%clk 0:00:17]} f5 {[%clk 0:00:21]} 51. Kg2
{[%clk 0:00:13]} f4 {[%clk 0:00:21]} 52. h4 {[%clk 0:00:12]} e4 {[%clk 0:00:30]}
53. Rb5+ {[%clk 0:00:19]} Kd4 {[%clk 0:00:37]} 54. h5 {[%clk 0:00:14]} gxh5
{[%clk 0:00:43]} 55. gxh5 {[%clk 0:00:23]} Kd3 {[%clk 0:00:12]} 56. h6
{[%clk 0:00:24]} Ke2 {[%clk 0:00:12]} 57. Rh5 {[%clk 0:00:15]} Rh7
{[%clk 0:00:21]} 58. Rh4 {[%clk 0:00:16]} e3 {[%clk 0:00:17]} 59. Rxf4
{[%clk 0:00:17]} Rxh6 {[%clk 0:00:25]} 60. fxe3 {[%clk 0:00:21]} Rg6+
{[%clk 0:00:30]} 61. Kh3 {[%clk 0:00:28]} Kxe3 {[%clk 0:00:38]} 62. Rb4
{[%clk 0:00:36]} Rg7 {[%clk 0:00:12]} 63. a4 {[%clk 0:00:19]} Kd3
{[%clk 0:00:15]} 64. Rb6 {[%clk 0:00:22]} Kc4 {[%clk 0:00:13]} 65. a5
{[%clk 0:00:25]} Rg5 {[%clk 0:00:12]} 66. b3+ {[%clk 0:00:25]} Kc3
{[%clk 0:00:11]} 67. b4 {[%clk 0:00:33]} Rg7 {[%clk 0:00:14]} 68. Kh4
{[%clk 0:00:42]} Kc4 {[%clk 0:00:11]} 69. Kh5 {[%clk 0:00:50]} Kd5
{[%clk 0:00:14]} 70. Kh6 {[%clk 0:00:57]} Rc7 {[%clk 0:00:13]} 71. Kg6
{[%clk 0:00:38]} Rc6+ {[%clk 0:00:12]} 72. Kf5 {[%clk 0:00:25]} Rxb6
{[%clk 0:00:20]} 73. axb6 {[%clk 0:00:34]} Kc4 {[%clk 0:00:15]} 74. Ke4
{[%clk 0:00:34]} 1/2-1/2

[Event "Russian Rapid Championship (m)"]
[Site "Sochi"]
[Date "2022.10.16"]
[Round "10.7"]
[White "Iljiushenok, Ilia"]
[Black "Rozum, Ivan"]
[Result "1-0"]
[BlackElo "2540"]
[WhiteElo "2467"]
[LiveChessVersion "1.4.8"]

1. e4 {[%clk 0:14:54]} c6 {[%clk 0:15:17]} 2. d4 {[%clk 0:15:02]} d5
{[%clk 0:15:25]} 3. e5 {[%clk 0:15:07]} Bf5 {[%clk 0:15:32]} 4. h4
{[%clk 0:15:15]} h5 {[%clk 0:15:40]} 5. c4 {[%clk 0:15:23]} e6 {[%clk 0:15:45]}
6. Nc3 {[%clk 0:15:31]} Ne7 {[%clk 0:15:09]} 7. Nge2 {[%clk 0:15:37]} dxc4
{[%clk 0:14:58]} 8. Ng3 {[%clk 0:15:41]} Bg6 {[%clk 0:13:49]} 9. Bxc4
{[%clk 0:15:44]} Nf5 {[%clk 0:13:40]} 10. Bg5 {[%clk 0:14:42]} Be7
{[%clk 0:12:15]} 11. Nce4 {[%clk 0:06:25]} Qxd4 {[%clk 0:11:12]} 12. Bxe7
{[%clk 0:01:53]} Qxd1+ {[%clk 0:10:50]} 13. Rxd1 {[%clk 0:02:02]} Kxe7
{[%clk 0:10:33]} 14. Nxf5+ {[%clk 0:02:09]} Bxf5 15. Nd6 {[%clk 0:02:17]} Nd7
{[%clk 0:09:23]} 16. f4 {[%clk 0:01:26]} Nb6 {[%clk 0:07:26]} 17. Bb3
{[%clk 0:01:33]} Rab8 {[%clk 0:07:24]} 18. Kf2 {[%clk 0:01:18]} Rhd8
{[%clk 0:07:26]} 19. Rd4 {[%clk 0:00:55]} Bg4 {[%clk 0:07:09]} 20. Rb4
{[%clk 0:00:28]} Rd7 {[%clk 0:04:42]} 21. Rc1 {[%clk 0:00:37]} f6
{[%clk 0:03:47]} 22. Ke3 {[%clk 0:00:32]} Rc7 {[%clk 0:03:00]} 23. Nb5
{[%clk 0:00:17]} a5 {[%clk 0:03:04]} 24. Rd4 {[%clk 0:00:21]} Rd7
{[%clk 0:03:02]} 25. Nd6 {[%clk 0:00:30]} Rbd8 {[%clk 0:02:49]} 26. Rc5
{[%clk 0:00:32]} a4 {[%clk 0:01:50]} 27. Bxa4 {[%clk 0:00:34]} Nd5+
{[%clk 0:01:59]} 28. Kf2 {[%clk 0:00:35]} Nxf4 {[%clk 0:02:03]} 29. Rxf4
{[%clk 0:00:38]} fxe5 {[%clk 0:02:11]} 30. Rxg4 {[%clk 0:00:39]} hxg4
{[%clk 0:02:11]} 31. Ne4 {[%clk 0:00:47]} Rd4 {[%clk 0:02:13]} 32. Bc2
{[%clk 0:00:53]} R8d5 {[%clk 0:01:53]} 33. Rc3 {[%clk 0:01:03]} Rb4
{[%clk 0:01:40]} 34. b3 {[%clk 0:01:08]} Ra5 {[%clk 0:01:38]} 35. a4
{[%clk 0:00:56]} Rd5 {[%clk 0:01:47]} 36. Ke3 {[%clk 0:01:00]} Rbd4
{[%clk 0:01:40]} 37. Nf2 {[%clk 0:00:47]} Rd2 {[%clk 0:01:39]} 38. Be4
{[%clk 0:00:52]} R5d4 {[%clk 0:01:01]} 39. Nd3 {[%clk 0:00:43]} Rd1
{[%clk 0:00:44]} 40. Nxe5 {[%clk 0:00:40]} Rd8 {[%clk 0:00:18]} 41. Nd3
{[%clk 0:00:28]} g3 {[%clk 0:00:21]} 42. Nc5 {[%clk 0:00:16]} Re1+
{[%clk 0:00:25]} 43. Kf4 {[%clk 0:00:12]} Rf8+ {[%clk 0:00:30]} 44. Ke5
{[%clk 0:00:13]} b6 {[%clk 0:00:22]} 45. Nxe6 {[%clk 0:00:19]} Rf2
{[%clk 0:00:15]} 46. Rxc6 {[%clk 0:00:19]} Rxg2 {[%clk 0:00:22]} 47. Rc7+
{[%clk 0:00:26]} Ke8 {[%clk 0:00:31]} 48. Nxg7+ {[%clk 0:00:31]} Kd8
{[%clk 0:00:40]} 49. Ne6+ {[%clk 0:00:40]} Ke8 {[%clk 0:00:50]} 50. Kf4
{[%clk 0:00:20]} Rxe4+ {[%clk 0:00:19]} 51. Kxe4 {[%clk 0:00:29]} Re2+
{[%clk 0:00:28]} 52. Kd5 {[%clk 0:00:33]} g2 {[%clk 0:00:35]} 53. Rg7
{[%clk 0:00:42]} 1-0

[Event "Russian Rapid Championship (m)"]
[Site "Sochi"]
[Date "2022.10.16"]
[Round "10.8"]
[White "Kukhmazov, Arsen"]
[Black "Pridorozhni, Aleksei"]
[Result "1/2-1/2"]
[BlackElo "2538"]
[WhiteElo "2459"]
[LiveChessVersion "1.4.8"]

1. d4 {[%clk 0:15:19]} e6 {[%clk 0:15:14]} 2. c4 {[%clk 0:15:27]} d5
{[%clk 0:15:22]} 3. Nf3 {[%clk 0:15:35]} dxc4 {[%clk 0:15:13]} 4. e3
{[%clk 0:15:09]} a6 {[%clk 0:15:19]} 5. Bxc4 {[%clk 0:15:08]} Nf6
{[%clk 0:15:26]} 6. O-O {[%clk 0:14:24]} c5 {[%clk 0:15:33]} 7. b3
{[%clk 0:14:31]} Nc6 {[%clk 0:14:55]} 8. dxc5 {[%clk 0:13:40]} Qxd1
{[%clk 0:14:46]} 9. Rxd1 {[%clk 0:13:48]} Bxc5 {[%clk 0:14:54]} 10. Bb2
{[%clk 0:13:53]} Ke7 {[%clk 0:13:03]} 11. Nbd2 {[%clk 0:13:41]} Rd8
{[%clk 0:12:35]} 12. Rac1 {[%clk 0:13:16]} Bd6 {[%clk 0:11:17]} 13. Be2
{[%clk 0:12:08]} Bc7 {[%clk 0:10:51]} 14. Ba3+ {[%clk 0:10:44]} Ke8
{[%clk 0:10:59]} 15. Nc4 {[%clk 0:10:23]} Rxd1+ {[%clk 0:11:05]} 16. Rxd1
{[%clk 0:10:11]} Bd7 {[%clk 0:11:12]} 17. Bd3 {[%clk 0:06:44]} Rc8
{[%clk 0:10:31]} 18. Kf1 {[%clk 0:05:39]} h6 {[%clk 0:09:26]} 19. Nd6+
{[%clk 0:05:29]} Bxd6 {[%clk 0:09:33]} 20. Bxd6 {[%clk 0:05:38]} Ne7
{[%clk 0:09:29]} 21. Ne5 {[%clk 0:04:49]} Bb5 {[%clk 0:09:01]} 22. Nc4
{[%clk 0:04:38]} Nc6 {[%clk 0:07:55]} 23. Ba3 {[%clk 0:04:10]} Bxc4
{[%clk 0:07:59]} 24. Bxc4 {[%clk 0:04:19]} Ne5 {[%clk 0:07:56]} 25. Be2
{[%clk 0:03:15]} Rc2 {[%clk 0:07:52]} 26. Bd6 {[%clk 0:03:24]} Nc6
{[%clk 0:07:52]} 27. a3 {[%clk 0:02:18]} Rb2 {[%clk 0:07:55]} 28. b4
{[%clk 0:01:11]} Ne4 {[%clk 0:07:40]} 29. f3 {[%clk 0:00:53]} Rxe2
{[%clk 0:06:29]} 30. Kxe2 {[%clk 0:00:55]} Nc3+ {[%clk 0:06:38]} 31. Ke1
{[%clk 0:01:04]} Nxd1 {[%clk 0:06:46]} 32. Kxd1 {[%clk 0:01:14]} h5
{[%clk 0:06:54]} 33. Kc2 {[%clk 0:01:09]} g5 {[%clk 0:06:20]} 34. Kc3
{[%clk 0:00:52]} b5 {[%clk 0:06:26]} 35. Bc5 {[%clk 0:00:26]} f5 {[%clk 0:06:23]}
36. h3 {[%clk 0:00:20]} Kf7 {[%clk 0:06:30]} 37. Bd6 {[%clk 0:00:21]} e5
{[%clk 0:06:22]} 38. e4 {[%clk 0:00:24]} Ke6 {[%clk 0:06:27]} 39. Bc5
{[%clk 0:00:34]} fxe4 {[%clk 0:05:20]} 40. fxe4 {[%clk 0:00:43]} Nb8
{[%clk 0:05:21]} 41. Be3 {[%clk 0:00:45]} g4 {[%clk 0:05:09]} 42. hxg4
{[%clk 0:00:54]} hxg4 {[%clk 0:05:18]} 43. a4 {[%clk 0:00:17]} Nd7
{[%clk 0:02:35]} 44. axb5 {[%clk 0:00:26]} axb5 {[%clk 0:02:44]} 45. Kd3
{[%clk 0:00:33]} Nf6 {[%clk 0:02:48]} 46. g3 {[%clk 0:00:26]} Nh5 1/2-1/2